000 00324nam a22001337a 4500
020 _a0-7214-1630-6
082 _a823
_bMUR/R
100 _aMURRAY WILLIAM
245 _aTHE ROBBERY
_bREAD WITH ME - KEY WORDS READING SCHEME
260 _aITALY
_bLADY BIRD
300 _a41
650 _aENGLISH SHORT STORY
_zITALY
942 _cBK
999 _c2351
_d2351